|
|
|
|
| LEADER |
00000nam0a2200000 4500 |
| 001 |
165723 |
| 005 |
20231101222555.0 |
| 010 |
|
|
|a 585020055Х
|
| 035 |
|
|
|a (RuTPU)RU\TPU\book\179770
|
| 090 |
|
|
|a 165723
|
| 100 |
|
|
|a 20090922e1991 m y0rusy50 ca
|
| 101 |
0 |
|
|a rus
|
| 102 |
|
|
|a RU
|
| 105 |
|
|
|a y z 000zb
|
| 200 |
1 |
|
|a Размышления римского императора Марка Аврелия о том, что важно для самого себя
|f Марк Аврелий
|g обложка худ. Е. Клодта
|
| 205 |
|
|
|a Репр. изд.
|
| 210 |
|
|
|a Москва
|c Бук Чембэр Интернэшнл
|d [1991]
|
| 215 |
|
|
|a 64 с.
|d 20 см.
|
| 225 |
1 |
|
|a Жизнь и учения мудрецов
|
| 300 |
|
|
|a Репринтное воспроизведение издания 1911 г, издание "Посредника". М., типография Т-го Дома "М. В. Балдин и Ко".
|
| 600 |
|
0 |
|a Марк Аврелий
|f 121-180
|c римский император 161-180
|c философ-стоик
|c полное имя Марк Анний Катилий Север, Марк Элий Аврелий Вер Цезарь, Цезарь Марк Аврелий Антонин Август
|2 stltpush
|3 (RuTPU)RU\TPU\pers\13118
|
| 610 |
1 |
|
|a философы
|
| 610 |
1 |
|
|a римские стоики
|
| 610 |
1 |
|
|a римские императоры
|
| 610 |
1 |
|
|a римская философия
|
| 686 |
|
|
|a Ю3(0)3
|v LBC/SL-A
|2 rubbk
|
| 686 |
|
|
|a Ч611.68
|v LBC/SL-A
|2 rubbk
|
| 700 |
|
0 |
|a Марк Аврелий
|c римский император 161-180
|c философ-стоик
|c полное имя Марк Анний Катилий Север, Марк Элий Аврелий Вер Цезарь, Цезарь Марк Аврелий Антонин Август
|f 121-180
|2 stltpush
|3 (RuTPU)RU\TPU\pers\13118
|9 3802
|
| 702 |
|
1 |
|a Клодт
|b Е.
|4 040
|
| 801 |
|
1 |
|a RU
|b 63413507
|c 20090922
|
| 801 |
|
2 |
|a RU
|b 63413507
|c 20090922
|g RCR
|
| 942 |
|
|
|c BK
|